عرض عادي
عرض مارك
- Style, Literary.
مدخل مصطلح موضوعي
001 - رقم الضبط
- حقل الضبط: 3946
003 - معرف رقم الضبط
- حقل الضبط: OSt
005 - تاريخ ووقت أخر عملية
- حقل الضبط: 20110907061542.0
008 - عناصر بيانات ثابتة الطول
- حقل تحكم ثابت الطول: 110907|||a|||||| | ||| d
040 ## - مصدر الفهرسة
- هيئة الفهرسة الأصلية: OSt
- وكالة الكتابة: OSt
150 ## - مدخل-- مصطلح تاريخي
- عنصر مدخل المصطلح الموضوعي او الاسم الجغرافي: Style, Literary.
670 ## - بيانات المصدر موجوده
- الاستشهاد بالمصدر: Work cat.: (OSt)0: Language and style :, 2010.
